00710nam a22001937a 450000500170000001000150001702000260003203500130005803700130007110000220008424501190010626000460022527000360027130000230030770000210033094200170035199900170036895201310038520130611120755.0 aENG-107430 a9788183163651c800.00 aEN-90963 bDBAD/PUB a Nalini Shivkumar aDivas of deccan :cby Nalini Shivkumar [and] Rema Mahalingam ban ode to women of Hyderabad /  aHyderabadbNeelkamal Publicationsc(201?) aSultan BazarbHyderabade500095 aunpagedc27cm(pbk) aMahalingam, Rema 2ddccENmNAL c76299d76299 001040718NFICaDBADbDBADd2013-05-29eDBAD / PUBg800.00l0oSHIpEN-90963r2013-05-29 00:00:00t1v800.00w2013-05-29yEN